Where Are They From - City #5 - Statistics

General Stats
  • This quiz has been taken 48 times
  • The average score is 9 of 12
Answer Stats
Hint Answer % Correct
John Lennon, Paul McCartney, Wayne Rooney, Cilla Black Liverpool
98%
Cleopatra, Omar Sharif, Demis Roussos, Gamal Abdel Nasser Alexandria
84%
Tom Selleck, Diana Ross, Eminem, Smokey Robinson Detroit
84%
Jet Li, Puyi, Zhang Ziyi, Ai Weiwei Beijing
82%
Heath Ledger, Daniel Ricciardo, Melissa George, Justin Langer Perth
73%
Ryan Reynolds, Cobie Smulders, Seth Rogen, Michael Bublé Vancouver
73%
Kenneth Branagh, Carl Frampton, Mary McAleese, Eamonn Holmes Belfast
68%
Antonio Guterres, Lucia Moniz, Manuel II, Ricardo Quaresma Lisbon
64%
Desiderius Erasmus, Robin van Persie, Edsger W. Dijkstra, Hannah Hoekstra Rotterdam
64%
Hans Zimmer, Otto Hahn, Johann Wolfgang von Goethe, Birgit Prinz Frankfurt
61%
Lionel Messi, Che Guevara, Lucio Fontana, Libertad Lamarque Rosario
59%
Matt Groening, Tonya Harding, Katee Sackhoff, Phil Knight Portland
45%
No matching quizzes found
Score Distribution
Percent of People with Each Score
Percentile by Number Answered
Your Score History
You have not taken this quiz